zpět

Detail výsledku týmu

Jazz Tibet Club, Olomouc

Datum a čas kvízu

30.5 Celkem bodů Celkový počet nahraných bodů na tomto kvízu bez doplňovacích otázek.
8. Pořadí na kvízu Konečné umístění týmu na tomto kvízu.

Zaznamenané odpovědi

# Otázka Odpověď Body Výsledky
1. Kterými slovy ukončila Markéta... D 0
2. Starostka jisté evropské metro... Paříž, Seina 0.5
3. Jak se nazývá snímek, který zí... Oppenheimer 1
4. Roční míra inflace v jisté zem... Argentina 0
5. V pondělí zdolala 49letá Eva P... C) stomatologii 1
6. Čeština má celkem 3 gramatické... 14 1
7. Přiřaďte ke každému slovu jeho... 1D 2B 3A 4C 0
8. Dva gramatické rody můžeme při... sršeň 0
9. V minulé otázce jsme se ptali... zombie 1
10. Začátkem roku 2023 byla Ústave... hranolka, hranolek 0